Giáo trình câu hỏi và bài tập nghiệp vụ ngân hàng thương mại

"Giới thiệu tổng quan về ngân hàng thương mại. Trình bày một số kĩ năng cơ bản của nghiệp vụ ngân hàng: Huy động vốn, tín dụng, cho vay, cho thuê tài chính, chiết khấu, bảo lãnh, bao thanh toán... kèm câu hỏi và bài tập áp dụng cuối mỗi...

ver descrição completa

Na minha lista:
Detalhes bibliográficos
Outros Autores: Trầm Thị Xuân Hương (Chủ biên), Nguyễn Thanh Phong (Đồng chủ biên), Hoàng Đức (Biên soạn)
Formato: Livro
Idioma:Vietnamese
Publicado em: TP Hồ CHí Minh Kinh tế TP Hồ CHí Minh 2017
Assuntos:
Tags: Adicionar Tag
Sem tags, seja o primeiro a adicionar uma tag!
Thư viện lưu trữ: Thư viện Trường Đại học Nam Cần Thơ
LEADER 02026nam a22002657a 4500
001 NCT_51124
008 180921b xxu||||| |||| 00| 0 vie d
999 |c 2441  |d 2441 
020 |a 9786049225949  |c 50000 
082 0 4 |2 23rd ed.  |a 332.120711  |b H561 
245 0 0 |a Giáo trình câu hỏi và bài tập nghiệp vụ ngân hàng thương mại  |c Trầm Thị Xuân Hương (chủ biên), ...[et al.] 
260 |a TP Hồ CHí Minh  |b Kinh tế TP Hồ CHí Minh  |c 2017 
300 |a 239 tr.  |b Bảng  |c 24cm 
520 |a "Giới thiệu tổng quan về ngân hàng thương mại. Trình bày một số kĩ năng cơ bản của nghiệp vụ ngân hàng: Huy động vốn, tín dụng, cho vay, cho thuê tài chính, chiết khấu, bảo lãnh, bao thanh toán... kèm câu hỏi và bài tập áp dụng cuối mỗi chương" 
653 |a Quản trị kinh doanh 
700 1 |a Trầm Thị Xuân Hương  |e Chủ biên 
700 1 |a Nguyễn Thanh Phong  |e Đồng chủ biên 
700 1 |a Hoàng Đức   |e Biên soạn 
942 |2 ddc  |c BK 
952 |0 0  |1 0  |2 ddc  |4 0  |6 332_120711000000000_H561  |7 0  |9 14057  |a 000001  |b 000001  |d 2018-09-21  |l 2  |m 1  |o 332.120711 H561  |p MD.13413  |r 2020-09-28  |s 2020-09-04  |v 50000.00  |w 2018-09-21  |y BK 
952 |0 0  |1 0  |2 ddc  |4 0  |6 332_120711000000000_H561  |7 0  |9 14058  |a 000001  |b 000001  |d 2018-09-21  |o 332.120711 H561  |p MD.13414  |r 2018-09-21  |v 50000.00  |w 2018-09-21  |y BK 
952 |0 0  |1 0  |2 ddc  |4 0  |6 332_120711000000000_H561  |7 0  |9 14059  |a 000001  |b 000001  |d 2018-09-21  |l 1  |o 332.120711 H561  |p MD.13415  |r 2020-09-25  |s 2020-09-11  |v 50000.00  |w 2018-09-21  |y BK 
952 |0 0  |1 0  |2 ddc  |4 0  |6 332_120711000000000_H561  |7 0  |9 14060  |a 000001  |b 000001  |d 2018-09-21  |o 332.120711 H561  |p MD.13416  |r 2018-09-21  |v 50000.00  |w 2018-09-21  |y BK 
952 |0 0  |1 0  |2 ddc  |4 0  |6 332_120711000000000_H561  |7 0  |9 14061  |a 000001  |b 000001  |d 2018-09-21  |l 2  |o 332.120711 H561  |p MD.13417  |r 2020-09-30  |s 2020-09-11  |v 50000.00  |w 2018-09-21  |y BK 
980 |a Thư viện Trường Đại học Nam Cần Thơ